[Event "IRI-ch U14"]
[Site "Chess.com INT"]
[Date "2021.01.16"]
[Round "9"]
[White "Salimi, Kiarash"]
[Black "Golmeimi, Ermia"]
[Result "1-0"]
[WhiteElo "1792"]
[BlackElo "1264"]
[PlyCount "121"]
[EventDate "2021.01.16"]
[EventType "swiss"]
[EventRounds "11"]
[EventCountry "IRI"]
[SourceTitle "EXT 2022"]
[Source "ChessBase"]
[SourceDate "2021.10.06"]
[SourceVersion "1"]
[SourceVersionDate "2021.10.06"]
[SourceQuality "1"]

1. Nf3 c5 2. g3 g6 3. Bg2 Nc6 4. c4 Bg7 5. 0-0 Nf6 6. Nc3 0-0 7. d4 cxd4 8. Nxd4 Rb8 9. Bf4 Ra8 10. Nxc6 dxc6 11. Qb3 Qb6 12. Rfd1 Bf5 13. Rd2 Qxb3 14. axb3 a6 15. Rad1 Ng4 16. Bc7 Be5 17. Bxe5 Nxe5 18. h3 f6 19. f4 Nf7 20. Na4 Rfd8 21. e4 Be6 22. Nb6 Rab8 23. Kf2 Kf8 24. Ke3 Ke8 25. Rxd8+ Rxd8 26. Rd4 Rxd4 27. Kxd4 Kd8 28. Na4 Kc7 29. Nc5 Nd8 30. b4 Bc8 31. Nd3 Ne6+ 32. Ke3 b6 33. e5 Ng7 34. g4 f5 35. Bf3 e6 36. g5 Bb7 37. c5 Ne8 38. Kd4 b5 39. h4 Bc8 40. Nc1 Kd7 41. Nb3 Nc7 42. Na5 Ne8 43. Bxc6+ Ke7 44. Bf3 Kd8 45. Nc6+ Kd7 46. Na5 Kc7 47. Nb3 Ng7 48. Na5 Ne8 49. c6 Kb6 50. Nb3 Nc7 51. Nc5 a5 52. Nd7+ Ka6 53. Kc5 axb4 54. Nb6 b3 55. Nxc8 Ka5 56. Nb6 Na6+ 57. Kd6 Kb4 58. c7 h5 59. gxh6 g5 60. c8Q gxf4 61. Qc3# 1-0